header

Cinema, law, and the state in Asia (Record no. 221289)

MARC details
000 -LEADER
fixed length control field 01405nam a22003734a 4500
082 04 - DEWEY DECIMAL CLASSIFICATION NUMBER
Classification number 343.509/9
245 00 - TITLE STATEMENT
Title Cinema, law, and the state in Asia
250 ## - EDITION STATEMENT
Edition statement 1st ed.
260 ## - PUBLICATION, DISTRIBUTION, ETC. (IMPRINT)
Place of publication New York, N.Y. :
Name of publisher Palgrave Macmillan,
Year of publication 2007.
300 ## - PHYSICAL DESCRIPTION
Number of Pages xii, 238 p.
650 #0 - SUBJECT ADDED ENTRY--TOPICAL TERM
Topical Term Motion pictures
Topical Term Motion pictures
700 1# - ADDED ENTRY--PERSONAL NAME
Personal name Creekmur, Corey K.
Personal name Sidel, Mark.
856 40 - ELECTRONIC LOCATION AND ACCESS
Uniform Resource Identifier http://site.ebrary.com/lib/rucke/Doc?id=10194132

No items available.

© 2026 Rongo University
Contact us: librarian | system librarian | Rongo university